000 00187nam a2200085 4500
001 1256555
005 20251231085458.0
245 _aTUTSAK GÜNEŞ
_cAYŞE KULİN
260 _bEVEREST YAYINLARI
999 _c1256555
_d1256555